Rebirth of the Polish republic: a study of the diplomatic hitory of Europe, 1914-1920 (Record no. 369595)

000 -LEADER
fixed length control field 00389cam a22001217a 4500
008 - FIXED-LENGTH DATA ELEMENTS--GENERAL INFORMATION
fixed length control field 180718b1957 xxu||||| |||| 00| 0 eng d
082 ## - DEWEY DECIMAL CLASSIFICATION NUMBER
Classification number A6x438 K835
100 ## - MAIN ENTRY--PERSONAL NAME
Personal name Komarnicki, Titus
245 ## - TITLE STATEMENT
Title Rebirth of the Polish republic: a study of the diplomatic hitory of Europe, 1914-1920
Statement of responsibility, etc. by Titus Komarnicki
260 ## - PUBLICATION, DISTRIBUTION, ETC.
Place of publication, distribution, etc. London
Name of publisher, distributor, etc. Heinemann
Date of publication, distribution, etc. 1957
300 ## - PHYSICAL DESCRIPTION
Extent 776p.
650 ## - SUBJECT ADDED ENTRY--TOPICAL TERM
Topical term or geographic name entry element Poland - History
Holdings
Withdrawn status Lost status Damaged status Not for loan Permanent Location Current Location Date acquired Full call number Barcode Date last seen Price effective from Koha item type
        Indian Institute of Public Administration Indian Institute of Public Administration 1994-06-02 A6x438 K835 7229 2018-07-21 2018-07-21 Book

Powered by Koha